[Event "Open de Figueres Miquel Mas 2017"]
[Site "Figueres ESP"]
[Date "2017.08.15"]
[Round "7.3"]
[White "Vidal Zamora, Alex"]
[Black "Touzane, Olivier"]
[Result "1/2-1/2"]
[WhiteElo "2365"]
[BlackElo "2264"]
[PlyCount "180"]
[EventDate "2017.08.10"]
[EventType "swiss"]
[EventRounds "9"]
[EventCountry "ESP"]
[SourceTitle "Ajedrez en Madrid"]
[Source "lmi"]
[SourceDate "2017.08.10"]
[SourceVersion "1"]
[SourceVersionDate "2018.07.27"]
[SourceQuality "1"]

1. d4 Nf6 2. Nf3 g6 3. g3 Bg7 4. Bg2 O-O 5. O-O d6 6. c4 c6 7. Nc3 Qb6 8. b3 e5
9. dxe5 dxe5 10. e4 Na6 11. Bb2 Bg4 12. Na4 Qc7 13. Qc2 Rfe8 14. h3 Bxf3 15.
Bxf3 Bf8 16. Rfd1 Nc5 17. Nxc5 Bxc5 18. Rd2 Rad8 19. Rad1 Rxd2 20. Qxd2 h5 21.
Kg2 Qc8 22. b4 Bf8 23. Qg5 Qe6 24. a3 Kh7 25. Qc1 c5 26. b5 h4 27. g4 Nd7 28.
Qc2 Nb6 29. Be2 a6 30. a4 a5 31. Bc1 Be7 32. Be3 Qc8 33. Qc3 Qc7 34. Qxa5 Ra8
35. Qc3 Rxa4 36. Ra1 Rxa1 37. Qxa1 Nd7 38. Qa8 Nf8 39. Qe8 Kg7 40. Qa8 Ne6 41.
Qa3 Bg5 42. Qd3 Qa5 43. Qd5 Qc3 44. Qxe6 fxe6 45. Bxg5 Qc2 46. Kf3 Qb1 47. Bxh4
Qh1+ 48. Ke3 g5 49. Bg3 Qxh3 50. Kd3 Kf6 51. Ke3 Ke7 52. Kd3 Kd6 53. Kd2 Qh1
54. f3 Qa1 55. Bd3 Kc7 56. Be1 Qb2+ 57. Ke3 Qc1+ 58. Ke2 Kb6 59. Kf2 Qb2+ 60.
Be2 Qd4+ 61. Kf1 Qe3 62. Bf2 Qf4 63. Be1 Qh2 64. Bd2 Qh1+ 65. Kf2 Qh4+ 66. Kf1
Qg3 67. Be1 Qf4 68. Kf2 Qc1 69. Kf1 Ka7 70. Kf2 Qa1 71. Kf1 b6 72. Kf2 Kb7 73.
Kf1 Kc7 74. Kf2 Qd4+ 75. Kf1 Kd6 76. Bf2 Qa1+ 77. Be1 Qa8 78. Kf2 Qh8 79. Kf1
Ke7 80. Kf2 Qh2+ 81. Kf1 Kf6 82. Bd2 Qg3 83. Be1 Qh2 84. Bd2 Kg6 85. Be1 Qh8
86. Kf2 Qd8 87. Kf1 Qd4 88. Bf2 Qa1+ 89. Be1 Qd4 90. Bf2 Qa1+ 1/2-1/2

[Event "Open de Figueres Miquel Mas 2017"]
[Site "Figueres ESP"]
[Date "2017.08.15"]
[Round "7.4"]
[White "Paraschiv, Paul-Alexandru"]
[Black "Alonso Bouza, Julio Javier"]
[Result "0-1"]
[WhiteElo "2017"]
[BlackElo "2377"]
[PlyCount "117"]
[EventDate "2017.08.10"]
[EventType "swiss"]
[EventRounds "9"]
[EventCountry "ESP"]
[SourceTitle "Ajedrez en Madrid"]
[Source "lmi"]
[SourceDate "2017.08.10"]
[SourceVersion "1"]
[SourceVersionDate "2018.07.27"]
[SourceQuality "1"]

1. d4 Nf6 2. Bf4 g6 3. e3 Bg7 4. Be2 c5 5. Nf3 b6 6. c4 cxd4 7. exd4 d5 8. O-O
O-O 9. Nc3 Bb7 10. Re1 dxc4 11. Bxc4 Nc6 12. a3 e6 13. Rc1 Ne7 14. Ne5 Nfd5 15.
Bg3 Rc8 16. Ba2 Nf5 17. Bxd5 Bxd5 18. Bf4 Bb7 19. Be3 Nxe3 20. Rxe3 Bh6 21. Qg4
Bxe3 22. fxe3 Qe7 23. Rd1 f6 24. Nd3 e5 25. dxe5 fxe5 26. Qg3 Rcd8 27. e4 Rd4
28. Re1 Rfd8 29. Nxe5 Rd2 30. Rf1 Qc5+ 31. Kh1 Rf8 32. Rxf8+ Qxf8 33. h3 Qf1+
34. Kh2 Qf6 35. Nc4 Rf2 36. Nd1 Rf4 37. e5 Qc6 38. b3 Rd4 39. Nde3 Rd3 40. Qf2
Qe6 41. Ng4 Rxb3 42. Nd6 Bc6 43. Qc2 Ba4 44. Qc7 Bd7 45. Nf6+ Kg7 46. Qxd7+
Qxd7 47. Nxd7 Rxa3 48. Nb5 Ra5 49. Nc7 Kf7 50. Kg3 Ke7 51. Nb8 Rc5 52. Nba6
Rxe5 53. Kf4 Rf5+ 54. Ke3 Kd7 55. g4 Ra5 56. h4 Kc6 57. h5 gxh5 58. gxh5 Rxh5
59. Kd4 0-1

[Event "Open de Figueres Miquel Mas 2017"]
[Site "Figueres ESP"]
[Date "2017.08.15"]
[Round "7.5"]
[White "Sole Pijuan, Ferran"]
[Black "Campos Moreno, Javier B."]
[Result "0-1"]
[WhiteElo "2216"]
[BlackElo "2413"]
[PlyCount "90"]
[EventDate "2017.08.10"]
[EventType "swiss"]
[EventRounds "9"]
[EventCountry "ESP"]
[SourceTitle "Ajedrez en Madrid"]
[Source "lmi"]
[SourceDate "2017.08.10"]
[SourceVersion "1"]
[SourceVersionDate "2018.07.27"]
[SourceQuality "1"]

1. d4 Nf6 2. c4 g6 3. Nc3 Bg7 4. e4 d6 5. Be2 O-O 6. Bg5 a6 7. Qd2 c5 8. d5 b5
9. cxb5 Qa5 10. bxa6 Bxa6 11. Bxa6 Rxa6 12. Nge2 Nbd7 13. O-O c4 14. Rfd1 Rb8
15. Nd4 Ne5 16. Rab1 Rab6 17. b3 cxb3 18. Nxb3 Qa6 19. Rbc1 Nc4 20. Qe2 h6 21.
Be3 Nxe3 22. Qxe3 Ng4 23. Qd2 Rb4 24. h3 Ne5 25. f3 Ra8 26. Nb1 Ra4 27. Nc3 Rc4
28. Rc2 Rcc8 29. Nd4 Nc4 30. Qf2 Na3 31. Rcc1 Bxd4 32. Qxd4 Rc4 33. Qe3 Rac8
34. Ne2 Nc2 35. Qd3 Qxa2 36. Kh1 Qa7 37. Rd2 Qc5 38. Rcd1 h5 39. Nf4 Qe3 40.
Qxe3 Nxe3 41. Re1 Rc1 42. Rde2 Nf1 43. Rxc1 Rxc1 44. Rf2 Ng3+ 45. Kh2 h4 0-1

[Event "Open de Figueres Miquel Mas 2017"]
[Site "Figueres ESP"]
[Date "2017.08.15"]
[Round "7.6"]
[White "Izagirre Alsua, Aritz"]
[Black "Mellado Trivino, Juan"]
[Result "0-1"]
[WhiteElo "1869"]
[BlackElo "2392"]
[PlyCount "88"]
[EventDate "2017.08.10"]
[EventType "swiss"]
[EventRounds "9"]
[EventCountry "ESP"]
[SourceTitle "Ajedrez en Madrid"]
[Source "lmi"]
[SourceDate "2017.08.10"]
[SourceVersion "1"]
[SourceVersionDate "2018.07.27"]
[SourceQuality "1"]

1. e4 e6 2. d3 d5 3. Nd2 c5 4. Ngf3 Nc6 5. g3 Nf6 6. Bg2 g6 7. O-O Bg7 8. a3
O-O 9. Nh4 e5 10. h3 dxe4 11. dxe4 Be6 12. Nhf3 Qc8 13. Ng5 Bd7 14. Kh2 h6 15.
Ngf3 Rd8 16. Re1 Be6 17. c3 c4 18. Qc2 Nd7 19. Nf1 Nc5 20. Ne3 Na5 21. Nd2 Nd3
22. Rf1 Qc5 23. Kg1 f5 24. g4 fxg4 25. hxg4 Nf4 26. Nf3 Nb3 27. Rb1 Rd3 28. Ne1
Rd7 29. Nf3 Rad8 30. Re1 Nd3 31. Rf1 Ndxc1 32. Rbxc1 Nxc1 33. Rxc1 Kh7 34. Qe2
Qf8 35. Rc2 Qf4 36. Nh2 Rd3 37. Nhf1 Bf8 38. Nd5 Bxd5 39. exd5 Bc5 40. Rd2 Rf8
41. Rc2 Qg5 42. Ne3 Rxe3 43. fxe3 Bxe3+ 44. Kh2 Qh4+ 0-1

[Event "Open de Figueres Miquel Mas 2017"]
[Site "Figueres ESP"]
[Date "2017.08.15"]
[Round "7.7"]
[White "Hernando Rodrigo, Julio Antoni"]
[Black "Renteria, Jorge"]
[Result "1-0"]
[WhiteElo "2276"]
[BlackElo "2332"]
[PlyCount "71"]
[EventDate "2017.08.10"]
[EventType "swiss"]
[EventRounds "9"]
[EventCountry "ESP"]
[SourceTitle "Ajedrez en Madrid"]
[Source "lmi"]
[SourceDate "2017.08.10"]
[SourceVersion "1"]
[SourceVersionDate "2018.07.27"]
[SourceQuality "1"]

1. d4 Nf6 2. c4 c5 3. d5 b5 4. cxb5 a6 5. Nc3 axb5 6. e4 b4 7. Nb5 d6 8. Bf4 g5
9. Bxg5 Nxe4 10. Nf3 Bg7 11. Bd3 Nf6 12. O-O Bg4 13. Qd2 Bxf3 14. gxf3 Nbd7 15.
f4 Nb6 16. Rfe1 Qd7 17. Bf1 O-O 18. Re3 Nbxd5 19. Rg3 Ne4 20. Qxd5 Nxg3 21.
hxg3 Bxb2 22. Re1 e6 23. Qf3 Rfe8 24. f5 exf5 25. Rd1 Be5 26. Nxd6 Bxd6 27. Bf4
Ra3 28. Qh5 Re6 29. Bc4 Qe7 30. Bxd6 Rxd6 31. Rxd6 Rc3 32. Bxf7+ Kh8 33. Re6
Rc1+ 34. Kh2 Qb7 35. Re8+ Kg7 36. Rg8+ 1-0

[Event "Open de Figueres Miquel Mas 2017"]
[Site "Figueres ESP"]
[Date "2017.08.15"]
[Round "7.8"]
[White "Serra Pages, Jordi"]
[Black "Martorell Aubanell, Adria"]
[Result "1-0"]
[WhiteElo "2232"]
[BlackElo "2191"]
[PlyCount "53"]
[EventDate "2017.08.10"]
[EventType "swiss"]
[EventRounds "9"]
[EventCountry "ESP"]
[SourceTitle "Ajedrez en Madrid"]
[Source "lmi"]
[SourceDate "2017.08.10"]
[SourceVersion "1"]
[SourceVersionDate "2018.07.27"]
[SourceQuality "1"]

1. Nf3 Nf6 2. c4 c6 3. d4 d5 4. Nc3 dxc4 5. a4 Bf5 6. e3 e6 7. Bxc4 Bb4 8. O-O
Nbd7 9. Qe2 O-O 10. e4 Bg4 11. Rd1 Qa5 12. h3 Bh5 13. e5 Nd5 14. Nxd5 cxd5 15.
Bd3 Bg6 16. Bxg6 fxg6 17. Ng5 Rae8 18. Qb5 Nb6 19. b3 a6 20. Qxa5 Bxa5 21. Ba3
Rf5 22. b4 Nc4 23. bxa5 Rxg5 24. g4 Nxa3 25. Rxa3 Rf8 26. Kg2 h5 27. Kg3 1-0

[Event "Open de Figueres Miquel Mas 2017"]
[Site "Figueres ESP"]
[Date "2017.08.15"]
[Round "7.9"]
[White "Guix Torres, David"]
[Black "Cuadras Avellana, Jordi"]
[Result "1-0"]
[WhiteElo "2040"]
[BlackElo "2282"]
[PlyCount "65"]
[EventDate "2017.08.10"]
[EventType "swiss"]
[EventRounds "9"]
[EventCountry "ESP"]
[SourceTitle "Ajedrez en Madrid"]
[Source "lmi"]
[SourceDate "2017.08.10"]
[SourceVersion "1"]
[SourceVersionDate "2018.07.27"]
[SourceQuality "1"]

1. e4 c5 2. Nf3 Nc6 3. d4 cxd4 4. Nxd4 e6 5. Nc3 Qc7 6. g3 a6 7. Bg2 Nf6 8. O-O
d6 9. Be3 Be7 10. a4 Bd7 11. Nb3 Ne5 12. Kh1 Nc4 13. Bc1 h5 14. h3 g5 15. Bxg5
Nxb2 16. Qf3 Ng4 17. Bxe7 Kxe7 18. Nd4 Ne5 19. Nf5+ Kf8 20. Qe3 exf5 21. Nd5
Qd8 22. Qd4 fxe4 23. Qxb2 Bc6 24. Bxe4 Qd7 25. Kh2 f5 26. f4 Nf7 27. Nb6 Qe7
28. Bxc6 h4 29. Rae1 hxg3+ 30. Kg1 Qh4 31. Bg2 Rd8 32. Nd5 Rh6 33. Qxb7 1-0

[Event "Open de Figueres Miquel Mas 2017"]
[Site "Figueres ESP"]
[Date "2017.08.15"]
[Round "7.10"]
[White "Pinsach Gelabert, Alexandre"]
[Black "Vilalta Vidal, Javier"]
[Result "1-0"]
[WhiteElo "2105"]
[BlackElo "1992"]
[PlyCount "104"]
[EventDate "2017.08.10"]
[EventType "swiss"]
[EventRounds "9"]
[EventCountry "ESP"]
[SourceTitle "Ajedrez en Madrid"]
[Source "lmi"]
[SourceDate "2017.08.10"]
[SourceVersion "1"]
[SourceVersionDate "2018.07.27"]
[SourceQuality "1"]

1. e4 c5 2. Nf3 d6 3. c3 Nf6 4. Bd3 Nc6 5. Bc2 e6 6. d4 cxd4 7. cxd4 Be7 8. Nc3
a6 9. O-O O-O 10. Qe2 Bd7 11. e5 Ne8 12. h4 f6 13. exf6 Nxf6 14. Rd1 Nb4 15.
Bb1 Nbd5 16. Ng5 Nxc3 17. bxc3 Qc8 18. Qc2 h6 19. Nh7 Rf7 20. Nxf6+ Rxf6 21.
Qh7+ Kf7 22. h5 Qg8 23. Qe4 Bc6 24. Qg4 Qc8 25. a4 Bd5 26. Rd3 Kg8 27. Rg3 Qf8
28. c4 Bxc4 29. Qe4 Qf7 30. Qxb7 Bd5 31. Qb2 Qxh5 32. Qc2 Qf7 33. Raa3 e5 34.
Rac3 e4 35. Be3 Re8 36. Qe2 Rg6 37. Rxg6 Qxg6 38. Qxa6 Qg4 39. Bc2 Ra8 40. Qb5
Qe6 41. a5 Ba2 42. a6 d5 43. a7 Bd6 44. Qb7 Qe8 45. Ba4 Qxa4 46. Qxa8+ Kh7 47.
Rc1 Ba3 48. Rf1 Bc4 49. Qb8 Bxf1 50. a8=Q Ba6 51. Qg8+ Kg6 52. Qae8+ Kf6 1-0

[Event "Open de Figueres Miquel Mas 2017"]
[Site "Figueres ESP"]
[Date "2017.08.16"]
[Round "8.1"]
[White "Munoz, Miguel"]
[Black "Alonso Bouza, Julio Javier"]
[Result "1/2-1/2"]
[WhiteElo "2497"]
[BlackElo "2377"]
[PlyCount "27"]
[EventDate "2017.08.10"]
[EventType "swiss"]
[EventRounds "9"]
[EventCountry "ESP"]
[SourceTitle "Ajedrez en Madrid"]
[Source "lmi"]
[SourceDate "2017.08.10"]
[SourceVersion "1"]
[SourceVersionDate "2018.07.27"]
[SourceQuality "1"]

1. e4 e6 2. d4 d5 3. Nd2 dxe4 4. Nxe4 Bd7 5. Nf3 Bc6 6. Bd3 Nd7 7. O-O Ngf6 8.
Ned2 Be7 9. Re1 O-O 10. Nc4 Bd5 11. Ne3 Bxf3 12. Qxf3 c6 13. Qh3 c5 14. Qf3
1/2-1/2

[Event "Open de Figueres Miquel Mas 2017"]
[Site "Figueres ESP"]
[Date "2017.08.16"]
[Round "8.2"]
[White "Mellado Trivino, Juan"]
[Black "Riff, Jean-Noel"]
[Result "0-1"]
[WhiteElo "2392"]
[BlackElo "2499"]
[PlyCount "78"]
[EventDate "2017.08.10"]
[EventType "swiss"]
[EventRounds "9"]
[EventCountry "ESP"]
[SourceTitle "Ajedrez en Madrid"]
[Source "lmi"]
[SourceDate "2017.08.10"]
[SourceVersion "1"]
[SourceVersionDate "2018.07.27"]
[SourceQuality "1"]

1. d4 Nf6 2. Bg5 Ne4 3. Bf4 d5 4. f3 Nd6 5. Nc3 c6 6. e4 e6 7. Qd2 Be7 8. O-O-O
b5 9. Bxd6 Qxd6 10. e5 Qc7 11. Nh3 b4 12. Na4 Nd7 13. c4 bxc3 14. Qxc3 c5 15.
Nxc5 Nxc5 16. Bb5+ Bd7 17. Bxd7+ Qxd7 18. dxc5 Rc8 19. Kb1 Rxc5 20. Qe3 O-O 21.
Nf4 Rb8 22. Nd3 Rc4 23. Rd2 a5 24. Rc1 Qb5 25. Rcc2 h6 26. g3 a4 27. Kc1 Rbc8
28. Kd1 Bd8 29. Rxc4 Qxc4 30. Qa7 Qxa2 31. Qd7 Qc4 32. Qe8+ Kh7 33. Qxf7 Ba5
34. Qxe6 Bxd2 35. Qf5+ Kh8 36. Kxd2 d4 37. f4 Qc2+ 38. Ke1 a3 39. bxa3 Rb8 0-1

[Event "Open de Figueres Miquel Mas 2017"]
[Site "Figueres ESP"]
[Date "2017.08.16"]
[Round "8.3"]
[White "Campos Moreno, Javier B."]
[Black "Vidal Zamora, Alex"]
[Result "1-0"]
[WhiteElo "2413"]
[BlackElo "2365"]
[PlyCount "83"]
[EventDate "2017.08.10"]
[EventType "swiss"]
[EventRounds "9"]
[EventCountry "ESP"]
[SourceTitle "Ajedrez en Madrid"]
[Source "lmi"]
[SourceDate "2017.08.10"]
[SourceVersion "1"]
[SourceVersionDate "2018.07.27"]
[SourceQuality "1"]

1. d4 Nf6 2. c4 e6 3. Nf3 b6 4. Nc3 Bb7 5. a3 d5 6. cxd5 exd5 7. Bg5 Be7 8. e3
h6 9. Bxf6 Bxf6 10. b4 O-O 11. Qb3 a5 12. b5 Qd6 13. Bd3 Nd7 14. O-O Rfe8 15.
Rfe1 Re7 16. Rac1 Rae8 17. Bb1 Nf8 18. Ba2 Rd8 19. a4 g5 20. Nd2 Bg7 21. Nf1 f5
22. Ng3 Rf7 23. Qc2 Qg6 24. Qe2 f4 25. Bb1 Qe6 26. exf4 gxf4 27. Nh5 Qxe2 28.
Nxe2 Re8 29. Nhxf4 Bxd4 30. Nxd4 Rxe1+ 31. Rxe1 Rxf4 32. Rd1 Nd7 33. g3 Rf6 34.
f4 Kf8 35. Kf2 Nc5 36. Bc2 Ne6 37. Ke3 Nxd4 38. Kxd4 Re6 39. Bd3 c5+ 40. bxc6
Bxc6 41. f5 Re8 42. Rb1 1-0

[Event "Open de Figueres Miquel Mas 2017"]
[Site "Figueres ESP"]
[Date "2017.08.16"]
[Round "8.4"]
[White "Hernando Rodrigo, Julio Antoni"]
[Black "Touzane, Olivier"]
[Result "1/2-1/2"]
[WhiteElo "2276"]
[BlackElo "2264"]
[PlyCount "84"]
[EventDate "2017.08.10"]
[EventType "swiss"]
[EventRounds "9"]
[EventCountry "ESP"]
[SourceTitle "Ajedrez en Madrid"]
[Source "lmi"]
[SourceDate "2017.08.10"]
[SourceVersion "1"]
[SourceVersionDate "2018.07.27"]
[SourceQuality "1"]

1. d4 d6 2. Nf3 Nf6 3. c4 g6 4. g3 Bg7 5. Bg2 O-O 6. O-O Nc6 7. h3 a6 8. Nc3
Rb8 9. e4 b5 10. e5 dxe5 11. dxe5 Qxd1 12. Rxd1 Nd7 13. cxb5 axb5 14. Nd5 e6
15. Nxc7 Ndxe5 16. Nxe5 Nxe5 17. a4 bxa4 18. Rxa4 Bb7 19. Na6 Bxg2 20. Kxg2 Rb6
21. b4 Nc4 22. Rd7 Rc8 23. Rc7 Rxc7 24. Nxc7 Rb8 25. b5 Nb6 26. Ra7 Nc8 27. Ra8
Rxa8 28. Nxa8 Bd4 29. Bf4 e5 30. Bg5 Nd6 31. Nc7 Kf8 32. Bf6 Ne4 33. Nd5 Ke8
34. f4 Nxf6 35. Nxf6+ Ke7 36. Nxh7 exf4 37. g4 f6 38. g5 fxg5 39. Kf3 Kd6 40.
Nxg5 Be3 41. Ne4+ Kd5 42. h4 Kc4 1/2-1/2

[Event "Open de Figueres Miquel Mas 2017"]
[Site "Figueres ESP"]
[Date "2017.08.16"]
[Round "8.5"]
[White "Gonzalez Rodriguez, Jorge A."]
[Black "Serra Pages, Jordi"]
[Result "0-1"]
[WhiteElo "2274"]
[BlackElo "2232"]
[PlyCount "65"]
[EventDate "2017.08.10"]
[EventType "swiss"]
[EventRounds "9"]
[EventCountry "ESP"]
[SourceTitle "Ajedrez en Madrid"]
[Source "lmi"]
[SourceDate "2017.08.10"]
[SourceVersion "1"]
[SourceVersionDate "2018.07.27"]
[SourceQuality "1"]

1. b3 e5 2. Bb2 Nc6 3. e3 d5 4. Bb5 Bd6 5. Nf3 f6 6. Bxc6+ bxc6 7. d3 Ne7 8. c4
Be6 9. Qc2 c5 10. cxd5 Nxd5 11. a3 Qd7 12. Nbd2 a5 13. O-O O-O 14. Ne4 Rfb8 15.
Nfd2 a4 16. bxa4 Qxa4 17. Rfc1 Nb6 18. Nc3 Qxc2 19. Rxc2 c4 20. d4 exd4 21.
exd4 Na4 22. Nxa4 Rxa4 23. Ne4 Bf5 24. f3 Rb3 25. Re2 Bxe4 26. fxe4 c3 27. Bc1
Rxd4 28. Kf2 Bxh2 29. a4 Rd1 30. Rc2 Bf4 31. a5 Rxc1 32. Rcxc1 Bxc1 33. a6 0-1

[Event "Open de Figueres Miquel Mas 2017"]
[Site "Figueres ESP"]
[Date "2017.08.16"]
[Round "8.6"]
[White "Parals Marce, Luis"]
[Black "Guix Torres, David"]
[Result "1-0"]
[WhiteElo "2015"]
[BlackElo "2040"]
[PlyCount "123"]
[EventDate "2017.08.10"]
[EventType "swiss"]
[EventRounds "9"]
[EventCountry "ESP"]
[SourceTitle "Ajedrez en Madrid"]
[Source "lmi"]
[SourceDate "2017.08.10"]
[SourceVersion "1"]
[SourceVersionDate "2018.07.27"]
[SourceQuality "1"]

1. d4 Nf6 2. e3 g6 3. b4 Bg7 4. Bb2 O-O 5. Nf3 d6 6. Be2 Nbd7 7. c4 c5 8. b5 a6
9. a4 axb5 10. axb5 Rxa1 11. Bxa1 Ne4 12. O-O Nb6 13. Bd3 f5 14. Qc2 Qc7 15.
Nbd2 Nxd2 16. Nxd2 e5 17. d5 Bd7 18. e4 f4 19. Bc3 Ra8 20. Nb3 Nc8 21. Be2 b6
22. Ra1 Rxa1+ 23. Nxa1 Qa7 24. Nb3 Bf6 25. h3 Qa4 26. Qd1 Ne7 27. Kh2 Kf7 28.
Qc2 Nc8 29. Qb2 Ne7 30. Nd2 Qa8 31. Nf3 Qb8 32. Ne1 Qa7 33. Nd3 Qb8 34. Nxf4
Qh8 35. Nd3 g5 36. Bh5+ Ng6 37. Qa1 Qb8 38. g3 Kg7 39. Bg4 Bxg4 40. hxg4 Nf8
41. Ne1 Qc8 42. f3 Nd7 43. Nc2 Qc7 44. Ne3 Kg6 45. Kg2 Nf8 46. Qa8 Be7 47. Nf5
Kf7 48. Nh6+ Kg6 49. Nf5 Kf7 50. Bd2 Ng6 51. Qc6 Qd8 52. Qb7 Kf8 53. Nh6 Ke8
54. Bxg5 Qd7 55. Qb8+ Qd8 56. Qb7 Qd7 57. Qxd7+ Kxd7 58. Bxe7 Nxe7 59. Nf5 Nc8
60. Kh3 Ke8 61. Kh4 Kf7 62. Kg5 1-0

[Event "Open de Figueres Miquel Mas 2017"]
[Site "Figueres ESP"]
[Date "2017.08.16"]
[Round "8.7"]
[White "Renteria, Jorge"]
[Black "Izagirre Alsua, Aritz"]
[Result "1-0"]
[WhiteElo "2332"]
[BlackElo "1869"]
[PlyCount "81"]
[EventDate "2017.08.10"]
[EventType "swiss"]
[EventRounds "9"]
[EventCountry "ESP"]
[SourceTitle "Ajedrez en Madrid"]
[Source "lmi"]
[SourceDate "2017.08.10"]
[SourceVersion "1"]
[SourceVersionDate "2018.07.27"]
[SourceQuality "1"]

1. e4 c5 2. Nf3 a6 3. c3 d5 4. exd5 Qxd5 5. d4 Nc6 6. Be2 cxd4 7. cxd4 e6 8.
Nc3 Bb4 9. O-O Bxc3 10. bxc3 Qa5 11. c4 Nf6 12. Bb2 O-O 13. d5 exd5 14. Bxf6
gxf6 15. cxd5 Rd8 16. Qc1 Rxd5 17. Qh6 Qd8 18. Rad1 Bf5 19. Rxd5 Qxd5 20. Qxf6
Qe6 21. Qg5+ Qg6 22. Qf4 Qg4 23. Qc7 Qb4 24. a3 Qe7 25. Qg3+ Bg6 26. Bc4 Qc5
27. Ba2 Nd4 28. Nxd4 Qxd4 29. h4 Qc5 30. Rd1 Re8 31. Bd5 Kf8 32. Qf4 Qc2 33.
Bf3 Qc3 34. h5 Bc2 35. Rd5 Qe1+ 36. Kh2 Qe6 37. g3 h6 38. Rd6 Qe5 39. Qxh6+ Ke7
40. Rb6 Be4 41. Bxe4 1-0

[Event "Open de Figueres Miquel Mas 2017"]
[Site "Figueres ESP"]
[Date "2017.08.16"]
[Round "8.8"]
[White "Martorell Aubanell, Adria"]
[Black "Sole Pijuan, Ferran"]
[Result "1-0"]
[WhiteElo "2191"]
[BlackElo "2216"]
[PlyCount "57"]
[EventDate "2017.08.10"]
[EventType "swiss"]
[EventRounds "9"]
[EventCountry "ESP"]
[SourceTitle "Ajedrez en Madrid"]
[Source "lmi"]
[SourceDate "2017.08.10"]
[SourceVersion "1"]
[SourceVersionDate "2018.07.27"]
[SourceQuality "1"]

1. e4 e5 2. Nf3 Nc6 3. d4 exd4 4. Nxd4 Bb4+ 5. c3 Bc5 6. Nb3 Bb6 7. Bd3 Nf6 8.
O-O O-O 9. Bg5 Ne5 10. Na3 h6 11. Bh4 d6 12. Qc2 Be6 13. Nd2 Ng6 14. Bg3 h5 15.
Nf3 Nd7 16. h4 Bg4 17. Ng5 Nc5 18. Nc4 Ne6 19. Nxb6 axb6 20. f3 Nxg5 21. fxg4
Ne6 22. gxh5 Ne7 23. e5 dxe5 24. Rad1 Qc8 25. Bxe5 Ra5 26. Qe2 f5 27. h6 gxh6
28. Bc4 Kh7 29. Bd4 1-0

[Event "Open de Figueres Miquel Mas 2017"]
[Site "Figueres ESP"]
[Date "2017.08.16"]
[Round "8.9"]
[White "Serra Canals, Oriol"]
[Black "Pinsach Gelabert, Alexandre"]
[Result "1-0"]
[WhiteElo "2105"]
[BlackElo "2105"]
[PlyCount "95"]
[EventDate "2017.08.10"]
[EventType "swiss"]
[EventRounds "9"]
[EventCountry "ESP"]
[SourceTitle "Ajedrez en Madrid"]
[Source "lmi"]
[SourceDate "2017.08.10"]
[SourceVersion "1"]
[SourceVersionDate "2018.07.27"]
[SourceQuality "1"]

1. d4 d5 2. c4 c6 3. e3 Nf6 4. Nf3 e6 5. Nc3 Nbd7 6. Qc2 Bd6 7. b3 O-O 8. Be2
b6 9. Bb2 Bb7 10. O-O Qe7 11. e4 Nxe4 12. Nxe4 dxe4 13. Qxe4 f5 14. Qh4 Qxh4
15. Nxh4 Be7 16. Nf3 c5 17. Rad1 Rad8 18. Rd2 Nf6 19. Ng5 Rd6 20. Rfd1 h6 21.
Nf3 Ne4 22. Rd3 Rfd8 23. Ne5 Bf6 24. f3 cxd4 25. Bxd4 Nc5 26. Bxc5 Rxd3 27.
Nxd3 bxc5 28. Kf1 Bd4 29. Nxc5 Bc8 30. b4 Rd6 31. Nb3 Be5 32. Rxd6 Bxd6 33. c5
Bxh2 34. Bc4 Be5 35. Na5 a6 36. Nc6 Bf6 37. Na7 Bd7 38. c6 Kf8 39. cxd7 Ke7 40.
b5 Kxd7 41. bxa6 Bd4 42. Nb5 Bb6 43. a7 Bxa7 44. Nxa7 e5 45. a4 g5 46. a5 Kc7
47. a6 h5 48. Nb5+ 1-0

[Event "Open de Figueres Miquel Mas 2017"]
[Site "Figueres ESP"]
[Date "2017.08.16"]
[Round "8.10"]
[White "Castells Briones, Miquel"]
[Black "Paraschiv, Paul-Alexandru"]
[Result "0-1"]
[WhiteElo "2011"]
[BlackElo "2017"]
[PlyCount "120"]
[EventDate "2017.08.10"]
[EventType "swiss"]
[EventRounds "9"]
[EventCountry "ESP"]
[SourceTitle "Ajedrez en Madrid"]
[Source "lmi"]
[SourceDate "2017.08.10"]
[SourceVersion "1"]
[SourceVersionDate "2018.07.27"]
[SourceQuality "1"]

1. d4 Nf6 2. c4 e6 3. g3 Be7 4. Bg2 O-O 5. Nf3 b6 6. Ne5 d5 7. cxd5 exd5 8. O-O
Bb7 9. Nc3 Na6 10. a3 Re8 11. Qc2 Bd6 12. Bf4 h6 13. h4 c5 14. e3 Nc7 15. Rfd1
b5 16. Nd3 c4 17. Nc5 Bc6 18. Bxd6 Qxd6 19. b3 a5 20. b4 Na6 21. Rab1 Ra7 22.
Rb2 g6 23. Bf3 Kg7 24. Kg2 Nxc5 25. bxc5 Qd7 26. Rdb1 Rb7 27. Na2 h5 28. Qd2
Ra8 29. Nc3 Qe8 30. Kg1 Qd7 31. Kg2 Rab8 32. Na2 Qd8 33. Qe1 Bd7 34. Rc1 Bf5
35. Kg1 Ra7 36. Bg2 Qd7 37. Rd1 Re8 38. Nc3 Rb7 39. Na2 Qd8 40. Nc1 Bg4 41. Ne2
Bxe2 42. Qxe2 b4 43. axb4 Rxb4 44. Ra2 a4 45. Qd2 Qa5 46. Rda1 Ra8 47. Qc2 Qb5
48. f3 Rb3 49. e4 dxe4 50. fxe4 Ng4 51. e5 Rd8 52. Qe4 Rb2 53. Rxa4 c3 54. Bf1
Qd7 55. c6 Qe7 56. Ra7 Qb4 57. Bd3 Qxd4+ 58. Qxd4 Rxd4 59. c7 Rxd3 60. R7a2
Rxg3+ 0-1

[Event "Open de Figueres Miquel Mas 2017"]
[Site "Figueres ESP"]
[Date "2017.08.17"]
[Round "9.1"]
[White "Touzane, Olivier"]
[Black "Riff, Jean-Noel"]
[Result "0-1"]
[WhiteElo "2264"]
[BlackElo "2499"]
[PlyCount "40"]
[EventDate "2017.08.10"]
[EventType "swiss"]
[EventRounds "9"]
[EventCountry "ESP"]
[SourceTitle "Ajedrez en Madrid"]
[Source "lmi"]
[SourceDate "2017.08.10"]
[SourceVersion "1"]
[SourceVersionDate "2018.07.27"]
[SourceQuality "1"]

1. d4 Nf6 2. Bf4 e6 3. Nf3 d5 4. e3 Bd6 5. Nbd2 O-O 6. Bg3 c5 7. c3 Qc7 8. Bxd6
Qxd6 9. Ne5 Nfd7 10. f4 f6 11. Nef3 Nc6 12. Bb5 cxd4 13. cxd4 e5 14. fxe5 fxe5
15. Qb3 exd4 16. exd4 Qe6+ 17. Kf2 Nxd4 18. Qd3 Qb6 19. Bxd7 Nxf3+ 20. Ke2 Nd4+
0-1

[Event "Open de Figueres Miquel Mas 2017"]
[Site "Figueres ESP"]
[Date "2017.08.17"]
[Round "9.2"]
[White "Campos Moreno, Javier B."]
[Black "Munoz, Miguel"]
[Result "1/2-1/2"]
[WhiteElo "2413"]
[BlackElo "2497"]
[PlyCount "41"]
[EventDate "2017.08.10"]
[EventType "swiss"]
[EventRounds "9"]
[EventCountry "ESP"]
[SourceTitle "Ajedrez en Madrid"]
[Source "lmi"]
[SourceDate "2017.08.10"]
[SourceVersion "1"]
[SourceVersionDate "2018.07.27"]
[SourceQuality "1"]

1. d4 c5 2. d5 Nf6 3. Nc3 e6 4. e4 d6 5. Bb5+ Bd7 6. a4 exd5 7. exd5 Be7 8. Nf3
O-O 9. h3 Re8 10. O-O Na6 11. Nd2 Nb4 12. Nc4 Rb8 13. Ne3 Bf8 14. Bc4 g6 15.
Nb1 Bg7 16. c3 Na6 17. Na3 Nc7 18. Nb5 Nxb5 19. Bxb5 a6 20. Bxd7 Nxd7 21. a5
1/2-1/2